Elements beginning with M - Statistics

General Stats
  • This quiz has been taken 33 times
  • The average score is 4 of 7
Answer Stats
Element % Correct
Magnesium
85%
Manganese
85%
Mercury
77%
Molybdenum
62%
Mendelevium
58%
Meitnerium
42%
Moscovium
38%
No matching quizzes found
Score Distribution
Percent of People with Each Score
Percentile by Number Answered
Your Score History
You have not taken this quiz